Countries of the World Map Quiz - 1 Hour - Statistics

General Stats
  • This quiz has been taken 34 times
  • The average score is 44 of 196
Answers on the Map
Answers color-coded by a green-red scale on the quiz's map according to % correct below.
 
Answer Stats
Answer % Correct
Canada
50%
Afghanistan
45%
Albania
41%
Australia
41%
Brazil
41%
Chile
41%
Russia
41%
United States
41%
Algeria
36%
Argentina
36%
Belarus
36%
China
36%
Cuba
36%
Mexico
36%
United Kingdom
36%
Angola
32%
Azerbaijan
32%
Burkina Faso
32%
Central African Republic
32%
Czechia
32%
Denmark
32%
France
32%
Iceland
32%
India
32%
Ireland
32%
Moldova
32%
Mongolia
32%
Portugal
32%
Rwanda
32%
Spain
32%
Ukraine
32%
Venezuela
32%
Bahamas
27%
Bangladesh
27%
Belize
27%
Bhutan
27%
Bolivia
27%
Botswana
27%
Bulgaria
27%
Cambodia
27%
Cape Verde
27%
Chad
27%
Côte d’Ivoire
27%
Cyprus
27%
Democratic Republic of the Congo
27%
Dominican Republic
27%
Ecuador
27%
Eswatini
27%
Ethiopia
27%
Germany
27%
Haiti
27%
Hungary
27%
Iraq
27%
Japan
27%
Kazakhstan
27%
Kuwait
27%
Laos
27%
Latvia
27%
Madagascar
27%
Malaysia
27%
Mali
27%
Malta
27%
Mauritius
27%
Morocco
27%
Myanmar
27%
New Zealand
27%
North Korea
27%
North Macedonia
27%
Norway
27%
Panama
27%
Peru
27%
Poland
27%
São Tomé and Príncipe
27%
South Africa
27%
Sudan
27%
Syria
27%
Turkey
27%
Uruguay
27%
Vietnam
27%
Yemen
27%
Armenia
23%
Austria
23%
Belgium
23%
Benin
23%
Bosnia and Herzegovina
23%
Burundi
23%
Colombia
23%
Comoros
23%
Croatia
23%
Egypt
23%
Eritrea
23%
Estonia
23%
Finland
23%
Ghana
23%
Greece
23%
Indonesia
23%
Iran
23%
Jamaica
23%
Jordan
23%
Libya
23%
Lithuania
23%
Malawi
23%
Mozambique
23%
Namibia
23%
Nicaragua
23%
Niger
23%
Nigeria
23%
Oman
23%
Pakistan
23%
Papua New Guinea
23%
Paraguay
23%
Philippines
23%
Romania
23%
Saudi Arabia
23%
Serbia
23%
Slovenia
23%
Somalia
23%
South Korea
23%
South Sudan
23%
Sweden
23%
Switzerland
23%
Taiwan
23%
Tajikistan
23%
Tanzania
23%
Togo
23%
Tunisia
23%
Turkmenistan
23%
United Arab Emirates
23%
Zambia
23%
Cameroon
18%
Djibouti
18%
El Salvador
18%
Georgia
18%
Guatemala
18%
Honduras
18%
Israel
18%
Italy
18%
Kenya
18%
Maldives
18%
Mauritania
18%
Nepal
18%
Netherlands
18%
Senegal
18%
Seychelles
18%
Sierra Leone
18%
Sri Lanka
18%
Thailand
18%
Uganda
18%
Zimbabwe
18%
Brunei
14%
Costa Rica
14%
Equatorial Guinea
14%
Fiji
14%
Gabon
14%
Guinea
14%
Guinea-Bissau
14%
Guyana
14%
Kiribati
14%
Kyrgyzstan
14%
Lesotho
14%
Liberia
14%
Luxembourg
14%
Montenegro
14%
Nauru
14%
Palau
14%
Republic of the Congo
14%
Samoa
14%
Slovakia
14%
Suriname
14%
Timor-Leste
14%
Uzbekistan
14%
Vanuatu
14%
Andorra
9%
Bahrain
9%
Barbados
9%
Gambia
9%
Kosovo
9%
Lebanon
9%
Marshall Islands
9%
Micronesia
9%
Qatar
9%
Trinidad and Tobago
9%
Antigua and Barbuda
5%
Liechtenstein
5%
Monaco
5%
San Marino
5%
Singapore
5%
Solomon Islands
5%
Tonga
5%
Tuvalu
5%
Vatican City
5%
Dominica
0%
Grenada
0%
Saint Kitts and Nevis
0%
Saint Lucia
0%
Saint Vincent and the Grenadines
0%
No matching quizzes found
Score Distribution
Percent of People with Each Score
Percentile by Number Answered
Your Score History
You have not taken this quiz